00442nam a22001577a 450000500170000000800410001704000070005804100120006508200250007710000150010224500580011726000440017530000260021965000220024570000170026720220803100323.0220802b ||||| |||| 00| 0 eng d cAL aEnglish 223a894.814109bSAJC aG B Sajjan aCommentaries on Selected Vachanas of Siddharameshwara aBijapurbShri Siddheshwar Samsthec1998 a138 p.bPBc17x12 cm. aSelected Vachanas aSAJJAN (G B)